000 00783cab a2200265 4500
001 WB3433-12
008 090401t1998 xxu||||| |||| 00| 0 eng d
035 _a(Sirsi) u88157
041 _aeng
245 _aProperty deal
260 _c1998
350 _a0
490 _aFinancial Times
_v26 August 1998, 6(1)
520 _aThe Inland Revenue and Customs & Excise are to jointly transfer their entire property portfolio to the private sector. The PFI deal will be known as Steps.
650 _aCUSTOMS & EXCISE
650 _aINLAND REVENUE
650 _aPFI
650 _aPRIVATE FINANCE INITIATIVE
650 _aPRIVATE SECTOR
650 _aPROPERTY PORTFOLIO
650 _aSTEPS
690 _aCOMMERCIAL PROPERTY-MANAGEMENT
942 _n0
948 _c26/08/1998
999 _c55694
_d55694